Catálogo

MATEMATICAS DISCRETA Y COMBINATORIA : (Registro nro. 35735)

Detalles MARC
000 -LEADER
fixed length control field 00529nam a2200181 a 4500
001 - CONTROL NUMBER
control field 35735
005 - DATE AND TIME OF LATEST TRANSACTION
control field 20180714004134.0
008 - FIXED-LENGTH DATA ELEMENTS--GENERAL INFORMATION
fixed length control field 140415s2000 000 0 spa d
020 ## - INTERNATIONAL STANDARD BOOK NUMBER
International Standard Book Number 9684443242
041 ## - LANGUAGE CODE
Language code of text/sound track or separate title spa
082 ## - DEWEY DECIMAL CLASSIFICATION NUMBER
Classification number 519.2
Item number GRI
100 1# - MAIN ENTRY--PERSONAL NAME
Personal name GRIMALDI, RALPH P.
245 10 - TITLE STATEMENT
Title MATEMATICAS DISCRETA Y COMBINATORIA :
Remainder of title UNA INTRODUCCION CON APLICACIONES
250 ## - EDITION STATEMENT
Edition statement 1a ed.
260 ## - PUBLICATION, DISTRIBUTION, ETC.
Place of publication, distribution, etc. [s.l.] :
Name of publisher, distributor, etc. ADDISON WESLEY LONGMAN,
Date of publication, distribution, etc. 2000
300 ## - PHYSICAL DESCRIPTION
Extent 874
650 14 - SUBJECT ADDED ENTRY--TOPICAL TERM
Topical term or geographic name entry element MATEMATICAS
General subdivision PROBABILIDAD
-- PROBABILIDAD
Existencias
Withdrawn status Lost status Source of classification or shelving scheme Damaged status Not for loan Collection code Home library Current library Shelving location Date acquired Source of acquisition Inventory number Total Checkouts Full call number Barcode Date last seen Date last checked out Price effective from Koha item type
    Dewey Decimal Classification     General Biblioteca Karol Wojtyla Biblioteca Karol Wojtyla Sala general 03/12/2013 Compra 151000000000000000039637 1 519.2 GRI 53905 05/01/2026 18/03/2025 03/12/2013 Libro